00491nam a22001457a 4500003000900000008004100009040007100050082002900121110003900150245007500189260001900264300002700283650001500310650002000325AR-CdUCM191003b ||||| |||| 00| 0 spa d aMUNICIPALIDAD PROVINCIAL DEL CUSCOcBIBLIOTECA MUNICIPAL DEL CUSCO aC / 352.48 /bP85 / 1992 aMunicipalidad provincial del Qosqo aPresupuesto funcional de la municipalidad provincial del Qosqo 1992 /  aCuzco :c1992. a18 páginas ;c34 cm. aPrsupuesto aProvincia Cusco